00357nam a2200133Ia 4500008004100000020001900041082001700060100002000077245003700097250001200134260004500146300001600191600001600207250522s9999 xx 000 0 und d a978-0471154969 a510.2462 KRE aKreyszig, Erwin 0aAdvanced Engineering Mathematics a8th ed. aNew York:bJohn Wiley & Sons Inc.,c2000 axvi, 1156p. aMathematics